| 000 | 00899nam a22003737a 4500 | ||
|---|---|---|---|
| 005 | 20251128195520.0 | ||
| 008 | 150305b2010 xxu||||| |||| 00| 0 spa d | ||
| 020 | _a9682613213 | ||
| 041 | _aESP | ||
| 082 | _a540 S553c | ||
| 100 |
_aSherman, Allan _911387 |
||
| 100 |
_aSherman, Sharon _911388 |
||
| 100 |
_aRussikoff, Leonard _911389 |
||
| 245 | _aConceptos básicos de química | ||
| 260 | _aMéxico | ||
| 260 | _bGrupo Editorial Patria | ||
| 260 | _c2010 | ||
| 300 | _a520 páginas | ||
| 490 | _aGestión de Calidad | ||
| 490 | _aElectrónica | ||
| 490 | _aMecánica Dental | ||
| 650 | _aQUÍMICA | ||
| 650 | _aSISTEMAS DE MEDICIÓN | ||
| 650 | _aMATERIA | ||
| 650 | _aENERGÍA | ||
| 650 | _aÁTOMOS | ||
| 650 | _aMOLÉCULAS | ||
| 650 | _aENLACES QUÍMICOS | ||
| 650 | _aQUÍMICA ORGÁNICA | ||
| 942 |
_cBK _2ddc |
||
| 999 |
_c3688 _d3688 |
||